00206nam a22000737a 4500082001400000245007700014526003300091650000800124 a358.20954 aReport on the engineer operation of the Tirah expeditionary fore 1897-98 a0b0c0d358_209540000000000 aMCE